000 00556nam a2200193Ia 4500
005 20250326141607.0
008 250326s9999 xx 000 0 und d
020 _a81-85076-68-5
037 _aTextbook
040 _aFMSL
_beng
_cFMSL
041 _aeng
_2eng
084 _aL:14.44 M9
_qFMSL
100 _aChandrasekhar S
245 0 _aTowards 2000 AD Indian Health economy and policy
_cChandrasekhar S
260 _aAllahabad
_bAllahabad, Chugh Pub.
_c1989
300 _axvi,254
942 _cTB
_hL:14.44 M9
999 _c1291057
_d1291057